| 000 | 00563nam a2200193 a 4500 | ||
|---|---|---|---|
| 005 | 20140412111234.0 | ||
| 008 | 000829s19uu xx 00 eng d | ||
| 020 | _a0-7496-1448-X | ||
| 050 |
_aREF 030 _bFi44En 1994 |
||
| 100 | _aDineen, Jacqueline | ||
| 245 |
_aFirst starts energy : _cJacqueline Dineen. _bnatural energy / |
||
| 260 |
_aLondon : _bWatts Books, _c1994. |
||
| 300 | _a32 p. | ||
| 440 | _aFirst Starts Energy | ||
| 500 | _aIncludes index | ||
| 650 |
_aSciences _xJuvenile literture |
||
| 650 |
_aEnergy _xJuvenile literature |
||
| 999 |
_c102346 _d102346 |
||